000
00284nam a22001337a 4500
008
170210b xxu||||| |||| 00| 0 eng d
020
_a
07490704
041
_a
eng
080
_a
61
100
_a
4
101
_a
SHM
245
_a
CRITICAL CARE CLINICS
_c
MILZMAN, D.P
942
_2
udc
_c
BK
999
_c
5155
_d
5155